000 00287nam a22001337a 4500
008 170807b xxu||||| |||| 00| 0 eng d
020 _a9780760754214
041 _aeng
080 _a004
100 _a34
101 _aSHK
245 _aJAVA IN EASY STEPS
_cGRATH,M.M
942 _2udc
_cBK
999 _c22840
_d22840